Coleópteros del Parque Nacional La Campana y de Chile Central

Guardat en:
Dades bibliogràfiques
Autors principals: Sáiz Gutiérrez, Francisco Antonio (autor), Solervicens Alessandrini, Jaime (Autor), Ojeda G., Patricio (Autor)
Format: Llibre
Idioma:espanyol
Publicat: Valparaíso Ediciones Universitarias de Valparaíso 2013
Edició:2a. ed
Matèries:
Etiquetes: Afegir etiqueta
Sense etiquetes, Sigues el primer a etiquetar aquest registre!

MARC

LEADER 00000cam a2200000 a 4500
001 UCD2724
003 CL-VaPUC
008 160505e20130000cl |||||||||||||||||spa|d
020 |a 9789561705180 
082 0 4 |a 595  |b SAI  |2 21 
100 |a Sáiz Gutiérrez, Francisco Antonio  |e autor  |9 589397 
700 |a Solervicens Alessandrini, Jaime  |e author  |9 757443 
700 |a Ojeda G., Patricio  |e author  |9 586085 
245 1 0 |a Coleópteros del Parque Nacional La Campana y de Chile Central 
250 |a 2a. ed 
300 |a 123 p 
942 |c BK 
945 |d 20160505 16:04:00  |a arojas 
260 |a Valparaíso  |b Ediciones Universitarias de Valparaíso  |c 2013 
650 7 |a FAUNA  |2 CL-VaPUC  |9 349523 
650 0 |a Coleópteros  |9 359563 
651 0 |a Parque Nacional La Campana  |9 508940 
583 |a last modification  |c 20160505 16:04:00  |k Rodrigo Vera 
999 |c 363845  |d 363843 
952 |0 0  |1 0  |3 erb  |4 0  |6 595_000000000000000_SAI_2013  |7 0  |8 X  |9 476668  |a FDOBUD  |b FDOBUD  |i 5303087  |o 595 SAI 2013  |p 5303087  |r 2019-11-24  |w 2019-11-24  |y BK_X  |z Catalogado en:20160505  |k FHP